[Event "Miskolc"]
[Site "Miskolc"]
[Date "2004.03.15"]
[Round "5"]
[White "Varga, Zoltan"]
[Black "Portisch, Lajos"]
[Result "1-0"]
[WhiteElo "2564"]
[BlackElo "2573"]
[Annotator "Psakhis,L"]
[PlyCount "83"]
[EventDate "2004.03.10"]
[EventType "tourn"]
[EventRounds "9"]
[EventCountry "HUN"]
[EventCategory "12"]
[SourceTitle "CBM 100"]
[Source "ChessBase"]
[SourceDate "2004.06.01"]
[SourceVersion "1"]
[SourceVersionDate "2004.06.01"]
[SourceQuality "1"]

1. e4 c5 2. Nf3 Nc6 3. b3 {Very rare move, the main purpose of which is to
deviate from the theoretical lines} e6 4. Bb2 d6 5. d4 cxd4 6. Nxd4 Bd7 $6 ({
I would prefer to the text move} 6... Nf6 {with possible continuation} 7. Nxc6
(7. Bd3 Be7 8. O-O O-O 9. Nxc6 bxc6 10. e5 $5 dxe5 11. Bxe5 Nd7 12. Bb2 Bf6 13.
Bxf6 Nxf6 14. Nd2 a5 15. Ne4 Nxe4 16. Bxe4 $36 {[%csl Ge4] 1-0 Spasov,
V-Barlocco,C/Porto San Giorgio op 2000/ (52)}) 7... bxc6 8. e5 Ne4 9. exd6 Qa5+
10. c3 Qe5 11. Qe2 Bxd6 12. f3 Nf6 13. Qxe5 Bxe5 14. Nd2 Nd5 15. Rc1 a5 16. Nc4
Bf4 17. Rc2 a4 $13 {1/2-1/2 Chladny,R-Fiacan,R/SVK t-ch 2001/ (32)}) 7. Nb5 Qb8
8. Ba3 d5 9. exd5 (9. Bxf8 $6 Kxf8 10. Nd2 a6 11. Nc3 Qe5 12. Ne2 Nb4 13. Rc1
Nxa2 14. Rb1 Nc3 15. Nxc3 Qxc3 16. exd5 exd5 17. Bd3 Re8+ 18. Kf1 Nf6 $17 {
0-1 Boehnisch,M-Heinig,W/ET17 Leipzig 1978 (38)}) 9... Qe5+ ({Worth
considering pawn sacrifice} 9... exd5 $5 {and after} 10. Qxd5 Nf6 11. Nd6+ Qxd6
12. Qxd6 Bxd6 13. Bxd6 O-O-O 14. Bd3 Rhe8+ 15. Kf1 Bg4 $44 {black got great
compensation, thanks to ideal piece development. 1/2-1/2 Kotsur,P-Pugachev,A/
Karaganda 1994 (20)}) 10. Be2 Bxa3 11. N1xa3 exd5 12. f4 $1 Qxf4 13. Qxd5 Nf6 (
13... Nge7 $5) 14. Qd6 Qxd6 15. Nxd6+ Ke7 16. O-O-O $5 $146 ({White employed a
different plan in the game Bohnisch,M-Heinig,W/Leipzig 1979} 16. Nxb7 Nd4 17.
Ba6 Rhc8 18. O-O-O Ne6 19. Nd6 Rc5 20. Nac4 Rb8 21. Bb7 Ng4 22. Rhf1 $16) 16...
Rab8 (16... Nb4 17. Rhe1 Be6 18. Nxb7 Nxa2+ 19. Kb2 Nb4 20. Bc4 $16) 17. Rhe1 {
[%csl Gd1,Gd6,Ge1,Re7] After this move there is no doubt of White's
overwhelming advantage.} (17. Bc4 $5) 17... Kf8 18. Bc4 (18. Nab5 $5 a6 19. Nc7
$5) 18... Nd8 19. Nab5 {White is ideally developed, now it is time for action!}
(19. Ne4 Nxe4 20. Rxd7 Nf6 21. Rc7 $14) 19... a6 (19... Bxb5 20. Bxb5 a6 21.
Be2 $1 {[%cal Ge2f3]}) 20. Nc7 $1 h5 $5 {[%cal Gh8h6,Gh6g6]} 21. Rd2 Rh6 (21...
h4 $5 {[%cal Gh8h5]}) 22. a4 Rg6 (22... h4 23. a5) 23. g3 Rg5 $2 {[%mdl 8192]
This move may look active, but this is actually a mistake} (23... h4 $5) {
[%tqu "En","Try to find small and nice combination","","","d6f7","",5]} 24.
Nxf7 $1 Nxf7 25. Rxd7 Nxd7 26. Ne6+ Ke7 27. Nxg5+ Nfe5 28. Be6 (28. Bd5 $5)
28... Kf6 29. Bxd7 Nxd7 30. Ne4+ Kg6 (30... Ke7 31. Nc5+ Kd6 32. Rd1+ Kxc5 33.
Rxd7 $18) 31. Rd1 (31. Nd6 Nc5 32. a5 Rd8 33. Rd1 $18) 31... Ne5 (31... Nf6 32.
Nc5) 32. Rd6+ Kf5 {White's positional and material advantage is decisive, but
Portisch still finds chances for counter play} (32... Kh7 33. Rd5 Re8 34. Nc5 {
[%csl Gb7,Gh5]}) 33. Nc5 Nf3 34. h3 g5 35. Rb6 (35. Rd5+ Kg6 36. g4 h4 {
[%csl Rh3]}) 35... h4 $6 ({More chances for successful defence Black could get
after move} 35... Ng1 $142 $5 {for example:} 36. g4+ hxg4 37. hxg4+ Kxg4 38.
Nxa6 Rg8 39. Rxb7 Kf3 {[%csl Gg5]} 40. Nb8 $140 g4 41. a5 g3 42. a6 Ne2+ 43.
Kb2 g2 $19) (35... g4 $142 36. h4 Ng1 {[%cal Rg1e2]} 37. Kd2 Rd8+) 36. gxh4
gxh4 37. Nxa6 Rh8 38. Rxb7 Ng5 39. Nb8 $1 {White knight made good job in the
game!} Nxh3 40. a5 $18 {[%csl Ga5]} Ng5 41. a6 Rh6 (41... h3 42. a7 h2 43. Rb5+
Ke6 44. a8=Q h1=Q+ 45. Qxh1 Rxh1+ 46. Kb2 $18) 42. a7 1-0

[Event "FIDE World Cup-A"]
[Site "Hyderabad"]
[Date "2002.10.14"]
[Round "5"]
[White "Iuldachev, Saidali"]
[Black "Ye, Jiangchuan"]
[Result "0-1"]
[WhiteElo "2511"]
[BlackElo "2667"]
[Annotator "Psakhis,L"]
[PlyCount "70"]
[EventDate "2002.10.05"]
[EventType "tourn"]
[EventRounds "5"]
[EventCountry "IND"]
[EventCategory "16"]
[SourceTitle "CBM 092"]
[Source "ChessBase"]
[SourceDate "2003.02.06"]
[SourceVersion "1"]
[SourceVersionDate "2003.02.06"]
[SourceQuality "1"]

1. e4 c5 2. Nf3 d6 3. c3 Nf6 4. Be2 Nbd7 5. Qc2 (5. d3 $5 {looks more
promising for white}) 5... Qc7 6. O-O b6 7. c4 {[%cal Gd2d4]} (7. a4 Bb7 8. d3
g6 9. Bf4 Bg7 10. Na3 O-O 11. Qd2 Rfe8 12. h3 Rad8 13. Nh2 e5 14. Bg5 d5 15.
exd5 Bxd5 16. Nb5 Qb8 {Sziebert,A-Sziraki,T/Eger Agria 1992/1-0 (36)}) (7. Re1
Bb7 8. d3 c4 9. Nbd2 cxd3 10. Bxd3 e6 11. Nd4 Be7 12. f4 O-O 13. N2f3 Nc5 14.
e5 Nxd3 15. Qxd3 dxe5 16. fxe5 Nd7 17. Ng5 Bxg5 {1-0 Vujacic,I-Predojevic,B/
YUG-ch B20 Tivat 2001/YUG (32)}) 7... e5 $146 {If we'll look now on pawn
structure it will be not so easy to believe that game starts as Sicilian
defense.} (7... e6 8. Nc3 a6 9. a4 Be7 10. b3 O-O 11. Bb2 Bb7 12. Rfe1 Rac8 13.
Rad1 Rfe8 14. Qb1 Qb8 15. Qa1 Bf8 16. d3 Bc6 17. h3 Red8 18. Bf1 Qb7 {1-0
Bezgodov,A-Chukhno/RUS t-ch Podolsk 1993 (32)}) (7... Bb7) 8. Nc3 g6 9. d3 Bg7
10. Nh4 (10. Ne1 $5 {[%cal Gf2f4]}) 10... a6 11. f4 h6 12. f5 {An attempt to
launch an attack, which is easily suppressed by black.I would prefer simple} (
12. Nf3 $5 $14 {with very nice position.}) 12... g5 13. Nf3 g4 14. Nh4 {
[%csl Rh4] The position is about equal, but white fails to find a correct plan
and is being outplayed move by move} (14. Nd2 h5 15. Re1 Bh6 16. Nf1 Bxc1 17.
Qxc1 Bb7 18. Ne3 $13) 14... h5 15. g3 {[%cal Gh4g2]} Bb7 16. Rb1 Bh6 17. a3
Bxc1 18. Rfxc1 Ke7 {Black king feels himself very comfortable in the centre of
the board after dark-squared biships exchage.} 19. Qd2 Bc6 20. b4 b5 21. bxc5
dxc5 (21... bxc4 22. d4 Nxe4 23. Qe3 Nxc3 24. Rxc3 d5 25. f6+ $5 $132) 22. Ng2
(22. cxb5 $5 axb5 23. Nxb5 Bxb5 (23... Qa5 24. Nc3 Qxa3 $13) 24. Rxb5 Rxa3 $132
) 22... Qd6 {[%cal Gd6d4]} 23. Nd5+ (23. Ne3 $6 Nxe4 (23... h4 $5) 24. Nxe4
Bxe4 25. cxb5 axb5 26. Rxb5 Bc6 $36 {[%csl Rg1]}) 23... Bxd5 24. exd5 {[%csl
Re2]} Rab8 25. Qe3 Rb6 26. Rf1 Rhb8 $17 27. Nf4 (27. Qh6 $5) 27... bxc4 (27...
h4 $5) 28. Rxb6 Rxb6 29. dxc4 e4 {[%csl Rf3][%cal Gd7e5] Without "special
effects" black obtained a great position.} 30. Ne6 $5 {Setting the board on
fire. However, when the smoke is gone white's position remains hopeless} Rb2 $1
(30... fxe6 $6 31. fxe6 Nf8 32. Qg5 N8h7 33. Qg7+) 31. Qh6 $2 (31. Rd1 $142 $5
h4 32. Qc3 $1 Rxe2 $140 33. Nf4 {[%csl Re2]}) 31... Rxe2 $19 32. Qh8 Qb8 $1 33.
Nd8 Qb2 (33... Qxd8 $2 34. d6+ $18) 34. d6+ Kxd6 35. Rd1+ Kc7 0-1

[Event "Montreal-A 5th"]
[Site "Montreal"]
[Date "2004.08.15"]
[Round "11"]
[White "Charbonneau, Pascal"]
[Black "Huzman, Alexander"]
[Result "1/2-1/2"]
[WhiteElo "2472"]
[BlackElo "2588"]
[Annotator "Psakhis,L"]
[PlyCount "65"]
[EventDate "2004.08.04"]
[EventType "tourn"]
[EventRounds "11"]
[EventCountry "CAN"]
[EventCategory "12"]
[SourceTitle "CBM 103"]
[Source "ChessBase"]
[SourceDate "2004.11.11"]
[SourceVersion "1"]
[SourceVersionDate "2004.11.11"]
[SourceQuality "1"]

1. e4 c5 2. Nf3 d6 3. Bc4 Nf6 4. d3 Nc6 5. Bb3 g6 (5... Bg4 6. c3 e6 7. Nbd2
Be7 8. h3 Bh5 9. Nf1 Qc7 10. Ng3 Bg6 11. Nh2 d5 12. Ng4 O-O-O 13. Nxf6 Bxf6 14.
exd5 Ne5 15. O-O Bxd3 16. f4 Bxf1 17. fxe5 Ba6 18. exf6 Qxg3 19. fxg7 Qxg7 20.
Qf3 exd5 {0-1 Cicak,S-Stocek,J/CZE t-ch 1999 (59)}) 6. O-O Bg7 7. h3 O-O 8. c3
e5 (8... b6 9. Re1 Ba6 10. d4 cxd4 11. cxd4 Nb4 12. Bg5 d5 13. exd5 Rc8 14. Ne5
Nbxd5 15. Qf3 Bb7 16. Nc3 Rc7 17. Qd3 Qa8 18. f3 Nxc3 19. bxc3 Qc8 20. Rac1 Qf5
21. Qd2 Qc8 22. a4 Qd8 {1/2-1/2 Seul,G-Pelletier,Y/Essen Borowski-B 2001/ (44)}
) 9. Re1 (9. Be3 h6 10. Re1 Nh5 11. Nbd2 Be6 12. Nf1 Bxb3 13. Qxb3 Qd7 14. Rad1
Rae8 15. d4 cxd4 16. cxd4 exd4 17. Bxd4 Nxd4 18. Nxd4 Re5 19. Nf3 Re6 20. Nd4
Re5 21. Nf3 {1/2-1/2 Delgado,N-Vera,R/CUB-ch Las Tunas 2001/The Week in Chess
337 (21)}) 9... Be6 {Finalised the development of all pieces} (9... h6 10. Nbd2
Be6 11. Bxe6 fxe6 12. b4 cxb4 13. cxb4 b5 14. a3 a5 15. bxa5 Qxa5 16. Qb3 Rfe8
17. Rb1 Rab8 18. Bb2 Nd7 $13 {1/2-1/2 Sedlak,N-Solomnovic,I/Sozina op 2004 (30)
}) (9... d5 10. Bg5 d4 11. Ba4 $1 h6 12. Bh4 Qb6 13. Na3 Be6 14. Bxc6 bxc6 15.
Nxe5 Qxb2 16. Nac4 Qb5 17. Rb1 Qa6 18. Rb3 Qc8 19. Bg3 $14 {1-0 Yudasin,
L-Khachian,M/Los Angeles 2003/CBM 97 (29)}) 10. Na3 $146 (10. Bg5 h6 11. Bxf6
Qxf6 12. Nbd2 Bd7 13. Nc4 Kh8 14. a3 Qe7 15. Ba2 f5 16. b4 f4 17. Rb1 b6 18. b5
Nd8 19. a4 Ne6 20. a5 Nc7 21. Na3 g5 22. d4 cxd4 23. cxd4 bxa5 24. Qd3 g4 {
Hansen,S-Bacrot,E/BL 0102 2001//1/2-1/2 (46)}) 10... Nh5 {[%cal Gh5f4,Gf7f5]}
11. Nc4 h6 12. Ne3 {[%csl Gd5]} Bxb3 13. axb3 (13. Qxb3 $5 Rb8 14. Nd5 Kh7 $13
{[%cal Gf7f5]}) 13... Nf4 14. Kh2 Qd7 {Black completed his development and has
some advantage now: more space, more active pieces} 15. d4 (15. Ng1 {[%cal
Gg2g3]} f5 $1) 15... cxd4 (15... exd4 16. cxd4 Nxd4 $5 17. Nxd4 cxd4 $15) 16.
cxd4 exd4 17. Ng4 f5 $5 ({Maybe Black should have preferred} 17... h5 $5 18.
Bxf4 hxg4 19. hxg4 Qxg4 20. Bxd6 Rfd8 21. e5 f6 $5 $36) 18. exf5 Qxf5 19. Nh4 (
19. Bxf4 Qxf4+ 20. Kg1 Ne5 $17) 19... Qf7 20. g3 g5 ({A natural development of
the initiative can be achieved by} 20... Nxh3 $142 $5 21. Kxh3 (21. f4 g5 $1)
21... g5 $40) 21. gxf4 gxh4 22. f5 $1 {Having obtained his chance, Charbonneau
skilfully sharpens the position.} h5 (22... Kh7 23. f6 $1 Bxf6 24. Bxh6 {
[%csl Gg4]}) (22... Qxf5 $5 23. Bxh6 Ne5) 23. Nh6+ Bxh6 24. Bxh6 Qxf5 $1 {
A critical, complicated position. Certainly, White has compensation for two
pawns, but is he better?} 25. f4 $5 (25. Bxf8 Rxf8 $36 {[%cal Gc6e5]}) 25...
Kh7 (25... Rf7 $5) 26. Bg5 Qf7 (26... Qg6 27. Re6 $1) 27. Re6 $1 Qxe6 (27...
Kg8 28. Rh6 $40) 28. Qxh5+ Kg7 29. Rg1 Ne5 $1 (29... Qe3 $2 30. Qh6+ Kf7 31.
Qh7+ Ke8 32. Qxb7 $16) 30. Bh6+ Kf6 31. Bg5+ {White had enough troubles in
this game, and, I think, he rightly avoids the line} (31. Qg5+ Kf7 32. Qg7+ Ke8
33. Qxf8+ Kd7 34. Qg7+ (34. Qxa8 $2 Nf3+ $19) 34... Nf7 $13 {with a
complicated game}) 31... Kg7 32. Bh6+ Kf6 33. Bg5+ 1/2-1/2

[Event "Olympiad-36"]
[Site "Mallorca"]
[Date "2004.10.28"]
[Round "13"]
[White "Sulskis, Sarunas"]
[Black "Rohl Montes, Juan Armando"]
[Result "1-0"]
[WhiteElo "2555"]
[BlackElo "2401"]
[Annotator "Psakhis,L"]
[PlyCount "81"]
[EventDate "2004.10.15"]
[EventType "team-swiss"]
[EventRounds "14"]
[EventCountry "ESP"]
[SourceTitle "CBM 104"]
[Source "ChessBase"]
[SourceDate "2005.01.27"]
[SourceVersion "1"]
[SourceVersionDate "2005.01.27"]
[SourceQuality "1"]
[WhiteTeam "Lithuania"]
[BlackTeam "Venezuela"]
[WhiteTeamCountry "LTU"]
[BlackTeamCountry "VEN"]

1. e4 c5 2. Nf3 d6 3. c3 Nf6 4. Bd3 Nc6 5. Bc2 Bg4 6. d3 e6 7. Nbd2 Be7 (7...
d5 8. h3 Bh5 9. Qe2 Be7 10. g4 Bg6 11. Nh4 Qc7 (11... a6 12. Ng2 c4 13. dxc4
dxe4 14. Nxe4 Qa5 15. O-O Nxe4 16. Bxe4 Bxe4 17. Qxe4 h5 18. g5 Qe5 19. Qc2
O-O-O 20. h4 Qc5 21. Qe2 Qf5 22. Be3 f6 23. f4 Qe4 24. Rae1 fxg5 25. Bb6 Qxe2
26. Rxe2 {Mrdja,M-Vocaturo,D/Rome Chiuso GM 2004/ 1-0 (40)}) 12. Ng2 (12. Ndf3
Rd8 13. Bd2 c4 14. Nxg6 cxd3 15. Bxd3 hxg6 16. O-O-O dxe4 17. Bxe4 Nxe4 18.
Qxe4 Qa5 19. Kb1 Qd5 20. Qxd5 Rxd5 21. Kc2 Bc5 22. Be3 Rxd1 23. Kxd1 Bxe3 24.
fxe3 Ke7 25. Ke2 f6 26. a4 e5 {Rossetto,H-Bielicki,C/Mar del Plata 1965/
ChessBase/1/2-1/2}) 12... O-O-O 13. O-O Rhe8 14. Re1 Bd6 15. Qf1 c4 16. dxc4
Nxe4 17. Nxe4 dxe4 18. Bxe4 Ne5 19. c5 Bxc5 20. Bf4 Bxe4 21. Rxe4 Nf3+ 22. Kh1
{Akopian,V-Gelfand,B/Enghien les Bains 2003/CBM 96/[Psakhis]/1-0 (41)}) 8. h3 (
8. Nf1 d5 9. h3 Bh5 10. Ng3 Bg6 11. Qe2 Qc7 12. O-O Bd6 13. Nf5 exf5 14. exf5+
Kd7 15. fxg6 Rae8 16. Qd1 hxg6 17. d4 c4 18. b3 Kc8 19. bxc4 dxc4 20. Ng5 Re7
21. Qf3 Rhe8 22. g3 Qa5 {0-1 Blatny,P-Jirovsky,M/CZE-ch Ostrava 2002/The Week
in Chess 394 (37)}) 8... Bh5 9. Qe2 (9. O-O O-O 10. Qe1 d5 11. g4 Bg6 12. Nh4
e5 13. Qe2 Re8 14. Nxg6 hxg6 15. Qf3 dxe4 16. Nxe4 Nxe4 {1/2-1/2 Vajda,
A-Fressinet,L/Saint Affrique op 2000/}) 9... h6 $146 {This is a novelty, but a
novelty of low quality. Black is not developed enough to spend a tempo just
for nothing.} (9... Nd7 10. Nf1 Nde5 11. g4 Nxf3+ 12. Qxf3 Bg6 13. Ng3 Qa5 14.
Bd2 O-O-O 15. h4 f6 16. Bb3 Bf7 17. Nh5 Ne5 18. Qe2 Qa6 19. Rh3 g6 20. Nf4 d5
21. d4 Nc4 22. Bc1 cxd4 23. cxd4 Bb4+ 24. Kf1 {Rellstab,L-Breustedt,W/Gotha
1957/ChessBase/1-0 (101)}) 10. g4 Bg6 11. Nh4 Bh7 12. Ng2 Nd7 13. f4 b5 14. O-O
O-O 15. f5 {[%csl Rh7]} exf5 $6 {This move is the main reason for further
difficulties for Black.} ({Rohl Montes could play} 15... Nde5 $142 {and after
for example} 16. Nf4 Bg5 $1 17. fxe6 $140 Bxf4 18. Rxf4 fxe6 $13 {Black's
position is not so bad.}) 16. gxf5 {[%cal Gg3g8] Black's light-squared bishop
is very passive, which determines White's clear advantage.} Nde5 (16... Bf6 $5
{[%cal Gb5b4]}) 17. Nf4 {[%csl Rd5]} Kh8 18. Nd5 Bg5 19. Nf3 {We can consider
that the opening result is very favourable for White.} (19. Kh1 $5 {[%cal
Gf1g1]}) 19... f6 {[%csl Re6,Rg6]} (19... Bxc1 20. Raxc1 Ne7 21. Bb3 $36) 20.
Nxg5 hxg5 (20... fxg5 21. Be3 {[%cal Gd3d4]}) 21. a4 $5 b4 22. Be3 $16 Rb8 (
22... Ne7 $5) 23. d4 $1 {After this move there is no doubt about White's
overwhelming advantage.} cxd4 24. cxd4 Nf7 25. Rac1 {[%cal Gc1c6]} Ne7 (25...
b3 26. Bd3) 26. Bb3 Nxd5 (26... Nh6 27. Nc7) 27. Bxd5 {White played well and
obtained almost winning position.} Nh6 (27... g6 28. fxg6 Bxg6 29. Qf3 Kg7 30.
Rf2 {[%csl Rf6]}) 28. Be6 {[%cal Gd4d5] And this position is almost hopeless,
White has strong initiative and there is no counterplay.} (28. h4 Bg8 $5) 28...
d5 {Black has lost his temper, but in his passive position it was not easy to
sit and wait.} (28... Bg8 29. d5 Qe7 30. h4 $1 $40) 29. exd5 {[%csl Ge6]} (29.
Bxd5 Nxf5 $1) 29... b3 30. Rc6 Qa5 31. Qa6 {This move doesn't spoil anything
but it wasn't essential.} (31. h4 $5 gxh4 32. Qh5 $40 {was good enough.}) 31...
Qd8 32. Bd2 (32. Qxa7 Qe8 {[%cal Ge8h5]}) 32... Qe8 33. d6 {[%csl Gd6]} Qh5 34.
Qd3 $18 g4 ({There wasn't a rescue in} 34... g6 35. d7 gxf5 (35... Nxf5 36. Rc8
Kg7 37. Ba5 $18) 36. Rc8 $18) 35. Bxh6 gxh6 36. d7 gxh3 37. Kh2 {[%cal Od3h3,
Rc6c8]} Qg4 (37... Rbd8 38. Rc8) 38. Qg3 (38. Rg1 Qf4+ 39. Qg3 $18) 38... Qxd4
39. Rg1 Qd2+ (39... Qe5 40. Qxe5 fxe5 41. Rc8) 40. Kh1 Rg8 41. Rc8 (41. Qxb8 $1
) 1-0

[Event "ESP-chA"]
[Site "Seville"]
[Date "2004.08.16"]
[Round "4"]
[White "Garcia Luque, Agustin"]
[Black "Moreno Carnero, Javier"]
[Result "0-1"]
[WhiteElo "2406"]
[BlackElo "2507"]
[Annotator "Psakhis,L"]
[PlyCount "74"]
[EventDate "2004.08.03"]
[EventType "tourn"]
[EventRounds "5"]
[EventCountry "ESP"]
[EventCategory "11"]
[SourceTitle "CBM 103"]
[Source "ChessBase"]
[SourceDate "2004.11.11"]
[SourceVersion "1"]
[SourceVersionDate "2004.11.11"]
[SourceQuality "1"]

1. e4 c5 2. Nf3 d6 3. c3 Nf6 4. Be2 Bg4 (4... g6 5. O-O Bg7 6. Re1 O-O 7. Bf1
Bg4 8. h3 Bxf3 9. Qxf3 Nc6 10. d3 Nd7 11. Nd2 b5 12. Qd1 b4 13. Qc2 bxc3 14.
bxc3 Nb4 15. Qb2 Rb8 16. Nb3 Nb6 17. Bd2 Na4 18. Qc1 Nc6 19. Rb1 Qc8 20. Qc2
Nb6 21. Be3 Na4 22. Bd2 Nb6 {1/2-1/2 Demkovich,A-Taborov,B/Kiev Independence
cup-A 2004 (73)}) 5. d3 (5. Qc2 $5) 5... Nc6 6. Nbd2 e6 (6... e5 7. h3 Bxf3 (
7... Bh5 $5 8. Nf1) 8. Nxf3 h6 9. O-O d5 10. Qa4 Qd7 11. exd5 Nxd5 12. Re1 Be7
13. Bd1 Nb6 14. Qb5 $36 {Grosar,A-Chikhaoui,W/Bled Olympiad 2002//1/2-1/2 (77)}
) 7. h3 Bh5 8. O-O d5 $146 (8... Be7 9. Re1 O-O (9... Bg6 10. Nh4 O-O 11. Nxg6
hxg6 12. Bf1 Rc8 13. Nf3 d5 14. e5 Nd7 15. Bf4 b5 16. a3 a5 17. d4 $14 {
Sunthornpongsathorn,V-Nyee Nyee Zaw/Yangon Scheveningen 1999/1/2-1/2 (43)}) 10.
Nf1 d5 11. Ng3 Bg6 12. Nh4 Qc7 13. Nxg6 hxg6 14. Bg5 dxe4 15. dxe4 Bd6 16. Bxf6
gxf6 17. Nf1 Rfd8 $11 {Beletic,D-Novak,G/SLO t-ch B18 fin Kranj 1999/EXT 2002/
1/2-1/2 (35)}) 9. a3 a6 (9... Be7 $5) 10. e5 Nd7 11. d4 Be7 12. b4 cxd4 13.
cxd4 b5 $5 {White got nothing from the opening: Black's pieces are
well-developed and co-ordinated.} (13... O-O $5 14. Bb2 Nb6 {[%csl Gc4]}) 14.
Nb3 Nb6 {[%csl Gc4,Gc5]} 15. Ne1 Bxe2 16. Qxe2 Nc4 {An optimal place for the
knight. Black makes useful moves avoiding castling in order to prevent White
from attacking on the side.} (16... O-O $5 17. Qg4 Kh8) 17. Qg4 Kf8 18. Nd3 h5
$1 19. Qf3 g6 {[%cal Gf8g7]} 20. g3 Kg7 21. Bb2 ({I would prefer another
development of the bishop.} 21. Be3 $5 $13) 21... Nxb2 (21... a5 22. Bc3) 22.
Nxb2 a5 23. Qc3 (23. Rfc1 Qb6) 23... Rc8 24. Nc5 Bxc5 25. bxc5 {[%csl Gc6]} (
25. dxc5 d4 $5 26. Qd3 (26. Qe1 $142 $5) 26... Nxe5 27. Qxb5 $140 $2 Nf3+ 28.
Kh1 Qd5 $19) 25... Qg5 26. Kg2 Qf5 27. Rfe1 Rhf8 {[%cal Gf7f6]} 28. Qe3 (28.
Nd3 $5) 28... Rb8 29. Nd3 Qe4+ $1 30. Qxe4 dxe4 31. Rxe4 Rfd8 $44 {[%csl Rd4]
With the help of a pawn sacrifice Black fixes the pawn structure on the
queenside and center and guarantees himself a long-term control over d5.} 32.
Rc1 {It seems that this natural move is innacurate.} (32. Rd1 $142 Rxd4 33.
Rxd4 Nxd4 $13) 32... Nxd4 $36 {[%cal Gd4c6,Gd8d3]} 33. c6 $6 {This attempt
meets a tactical refutation.} Nxc6 34. Rxc6 Rxd3 $19 35. a4 ({There wasn't a
rescue in} 35. Rc7 Rxa3 36. Rf4 Rf8 37. Rf6 Kg8 $1 $19) 35... b4 36. Ra6 b3 37.
Ra7 Rdd8 $5 {[%cal Rb3b2]} (37... b2 38. Rf4 b1=Q 39. Rfxf7+ Kh6 40. Rh7+ Kg5
$19) (37... Rdd8 38. Re1 b2 39. Rb1 Rdc8 40. Rxa5 Rc1 $19) 0-1